[Event "Budapest Elekes"]
[Site "Budapest"]
[Date "1995.??.??"]
[Round "10"]
[White "Horvath, Csaba"]
[Black "Izsak, Gyula"]
[Result "1/2-1/2"]
[WhiteElo "2500"]
[BlackElo "2445"]

1.e4 c5 2.Nf3 e6 3.d4 cxd4 4.Nxd4 a6 5.Bd3 Nc6 6.Nxc6 bxc6 7.O-O d5 8.exd5 cxd5
9.c4 Nf6 10.cxd5 Nxd5 11.Be4 Bb7 12.Qa4+ Qd7 13.Qxd7+ Kxd7 14.Rd1 Ke8 15.b3 Be7
16.Bb2 f5 17.Bf3 Kf7 18.Nd2 Bf6 19.Bxf6 Kxf6 20.Nc4 Rab8 21.Rac1 Nf4 22.Rc3  1/2-1/2

[Event "HUN-ch (Women)"]
[Site "Budapest"]
[Date "1995.??.??"]
[Round "11"]
[White "Kiss, Fernanda"]
[Black "Porubszky Angyalosine, Maria A"]
[Result "1-0"]
[WhiteElo "2170"]
[BlackElo "2225"]

1.e4 c5 2.Nf3 e6 3.d4 cxd4 4.Nxd4 a6 5.Bd3 Nf6 6.O-O d6 7.Nc3 Be7 8.Kh1 Qc7
9.f4 b5 10.Qf3 Bb7 11.Bd2 Nbd7 12.Rae1 g6 13.a3 h5 14.Qh3 e5 15.Nb3 exf4
16.Bxf4 Ne5 17.Bg5 Nfg4 18.Bxe7 Qxe7 19.Na5 Bc8 20.Qg3 Qd8 21.b4 g5 22.h4 gxh4
23.Qf4 Be6 24.Nd5 Rb8 25.Rd1 Bxd5 26.exd5 Qb6 27.Rde1 Qc7 28.Nc6 Rb7 29.Bf5 Kf8
30.Bxg4 hxg4 31.Qf6 Rh5 32.Rf5 Rh7 33.Nd8 Qe7 34.Nxb7  1-0

[Event "Budapest FS11 IM-B"]
[Site "Budapest"]
[Date "1995.??.??"]
[Round "11"]
[White "Borsavolgyi, Tamas"]
[Black "Meixner, Ferenc"]
[Result "1-0"]
[WhiteElo "2320"]
[BlackElo "2215"]

1.e4 c5 2.Nf3 e6 3.d4 cxd4 4.Nxd4 a6 5.Bd3 Nf6 6.Be3 Qc7 7.Nd2 d5 8.Rc1 Nc6
9.Nxc6 bxc6 10.c4 Bb4 11.cxd5 exd5 12.Qa4 Bxd2+ 13.Bxd2 O-O 14.Rxc6 Bd7 15.Rxc7 Bxa4
16.e5 Rfe8 17.f4 Rab8 18.b3 Bb5 19.Bxb5 Rxb5 20.O-O Ne4 21.Be3 f6 22.Bd4 Rb4
23.Rd1 fxe5 24.Bxe5 Nf6 25.Ra7 Re6 26.Rc1 h5 27.Rcc7 Ne8 28.Rd7 Re4 29.Re7 Rxe7
30.Rxe7 Kf8 31.Rd7 Re2 32.a4 Re1+ 33.Kf2 Rb1 34.Rxd5 Rxb3 35.Rd8 Ke7 36.Ra8 Rb6
37.a5 Rg6 38.Kf3 Kd7 39.g3 Nc7 40.Ra7 Rc6 41.Ke4 g6 42.Bxc7 Rxc7 43.Rxa6 Rc5
44.Rxg6 Rxa5 45.Rh6 Ke7 46.f5 Ra4+ 47.Ke5  1-0

[Event "Budapest FS11 IM-B"]
[Site "Budapest"]
[Date "1995.??.??"]
[Round "11"]
[White "Peretz, Malkiel"]
[Black "Svobodova, Michaela"]
[Result "1-0"]
[WhiteElo "2280"]
[BlackElo "2155"]

1.e4 c5 2.Nf3 e6 3.d4 cxd4 4.Nxd4 a6 5.Bd3 g6 6.O-O Bg7 7.Nf3 Ne7 8.Nbd2 O-O
9.Re1 d5 10.a4 Nd7 11.exd5 Nxd5 12.Ne4 Qc7 13.c4 N5f6 14.Nc3 Rd8 15.Qc2 b6
16.Bg5 Bb7 17.Ne4 Re8 18.Nxf6+ Nxf6 19.Ne5 Rac8 20.Qe2 Nh5 21.g4 Bxe5 22.Qxe5 Qxe5
23.Rxe5 f6 24.Re3 fxg5 25.gxh5 gxh5 26.Be2 g4 27.Rb3 Be4 28.Rxb6 Rc6 29.Rxc6 Bxc6
30.b4 Kf7 31.b5 axb5 32.cxb5 Bd5 33.a5 Ke7 34.b6 Kd6 35.Rc1 Ra8 36.a6 Rb8
37.Rb1 Rg8 38.Bf1 Kc6 39.Bg2 Rb8 40.Bxd5+ exd5 41.a7  1-0

[Event "ARG-chT"]
[Site "Buenos Aires"]
[Date "1995.??.??"]
[Round "2"]
[White "Bronstein, Luis"]
[Black "Rago, Sergio"]
[Result "1-0"]
[WhiteElo "2415"]
[BlackElo "2240"]

1.e4 c5 2.Nf3 e6 3.d4 cxd4 4.Nxd4 a6 5.Bd3 Bc5 6.Nb3 Ba7 7.c4 Nc6 8.Qe2 Nge7
9.Be3 Bxe3 10.Qxe3 e5 11.Nc3 d6 12.Nd5 Be6 13.O-O O-O 14.Qb6 Qxb6 15.Nxb6 Rad8
16.Nd5 g6 17.Rad1 f5 18.f3 Rc8 19.Nb6 Rcd8 20.Bb1 a5 21.a4 Nc8 22.Nd5 b6
23.Rf2 Nb4 24.Nd2 Bd7 25.b3 Nc6 26.f4 Nd4 27.fxe5 dxe5 28.Nf3 Nxb3 29.Nxe5 Bxa4
30.exf5 Nc5 31.Re1 gxf5 32.Bxf5 Nd6 33.Ref1  1-0

[Event "Buenos Aires tt"]
[Site "Buenos Aires"]
[Date "1995.??.??"]
[Round "6"]
[White "Opychaneyj, German"]
[Black "Adad, Carlos"]
[Result "0-1"]
[WhiteElo "2150"]
[BlackElo "2215"]

1.e4 c5 2.Nf3 e6 3.d4 cxd4 4.Nxd4 a6 5.Bd3 Bc5 6.Nb3 Ba7 7.Nc3 Nc6 8.O-O Nf6
9.Bg5 O-O 10.Kh1 h6 11.Bh4 Ne5 12.Be2 d6 13.f4 Ng6 14.Bg3 Qe7 15.f5 Ne5 16.Nd4 Bd7
17.Bh4 Kh7 18.Bxf6 gxf6 19.Rf4 Rg8 20.Qd2 Rg5 21.Raf1 Rf8 22.Qe3 Nc6 23.Qh3 Bxd4
24.Rh4 Kg7 25.Rxh6 Rg8 26.e5 Bxc3 27.Rxf6 Rh8 28.Qxc3 Nxe5 29.Rxe6 Rxg2  0-1

[Event "Buenos Aires IVESS op"]
[Site "Buenos Aires"]
[Date "1995.??.??"]
[Round "7"]
[White "Bustos, Cristian"]
[Black "Spangenberg, Hugo"]
[Result "0-1"]
[WhiteElo "2275"]
[BlackElo "2490"]

1.e4 c5 2.Nf3 e6 3.d4 cxd4 4.Nxd4 a6 5.Bd3 Bc5 6.Nb3 Ba7 7.Qe2 Nc6 8.Nc3 d6
9.O-O Nf6 10.Be3 Bxe3 11.Qxe3 e5 12.Rad1 O-O 13.Be2 Qc7 14.Qd2 Rd8 15.h3 Be6
16.f4 exf4 17.Qxf4 Qe7 18.Kh1 Bxb3 19.axb3 Ne5 20.Qg3 b5 21.Nd5 Nxd5 22.Rxd5 Rac8
23.c3 Rc5 24.Rfd1 Rxd5 25.Rxd5 g6 26.Qe3 Nd7 27.Bf3 Ne5 28.Be2 Qc7 29.Qd4 Rd7
30.c4 bxc4 31.bxc4 Nc6 32.Qd2 Ne7 33.Ra5 Qb7 34.Bg4 Rd8 35.Bf3 Qb6 36.Qc3 Nc6
37.Rd5 Nb4 38.Rd1 Re8 39.Qf6 Re6 40.Qf4 h5 41.Qg3 Qc5 42.b3 a5 43.Qf4 Kg7
44.Qd2 Qe5 45.Qf2 Kg8 46.Rf1 Rf6 47.Qb6 Kg7 48.Qb5 Nd3 49.Rb1 Qg3 50.Qxa5 Nf2+
51.Kg1 Nxh3+ 52.Kh1 Rxf3 53.Qe1 Rf2  0-1

[Event "Bussum op"]
[Site "Bussum"]
[Date "1995.??.??"]
[Round "3"]
[White "Blees, Albert"]
[Black "Lont, Addy"]
[Result "0-1"]
[WhiteElo "2410"]
[BlackElo "2335"]

1.e4 c5 2.Nf3 e6 3.d4 cxd4 4.Nxd4 a6 5.Bd3 Bc5 6.Nb3 Ba7 7.Nc3 Nc6 8.Qe2 d6
9.Be3 Nf6 10.g4 O-O 11.g5 Ne8 12.O-O-O b5 13.Bxa7 Rxa7 14.Rdg1 b4 15.Nd1 a5
16.Bb5 Qb6 17.Ba4 Bd7 18.Ne3 Ne5 19.Bxd7 Nxd7 20.Nc4 Qb5 21.Rg3 a4 22.Nd4 Qc5
23.Rd1 Rc7 24.b3 axb3 25.axb3 d5 26.exd5 exd5 27.Nb2 Nd6 28.Na4 Qa5 29.Rh3 g6
30.Qe7 Nc8 31.Qe3 Ncb6 32.Nf5 gxf5 33.g6 fxg6 34.Qe6+ Kg7 35.Qe7+ Rf7 36.Rxh7+ Kxh7
37.Qxf7+ Kh6 38.Rg1 Rc6 39.Qe8 Qa8 40.Qe3+ Kg7 41.Qe7+ Kg8 42.Re1 Qf8 43.Qg5 Nxa4
44.bxa4 Qf6 45.Re8+ Nf8 46.Qxf6 Rxf6 47.Kb2 Rc6 48.Rd8 Rc5 49.Rb8 Kf7 50.Rxb4 Nd7
51.Kb3 Ke6 52.Rh4 Ne5 53.Rh8 Nc6 54.c3 Rc4 55.Re8+ Kd6 56.Rg8 Rg4 57.h4 Kc5
58.Ka3 Rxh4 59.Rxg6 Rf4 60.Rg2 Rf3 61.Kb2 Kc4 62.Rh2 Rxc3 63.Rh4+ Nd4 64.Rh7 Rb3+
65.Ka2 Rf3 66.Rc7+ Kb4 67.a5 Rxf2+ 68.Kb1 Kxa5 69.Rc5+ Kb4 70.Rxd5 Kb3 71.Kc1 Kc3  0-1

[Event "Bytom op"]
[Site "Bytom"]
[Date "1995.??.??"]
[Round "?"]
[White "Cyborowski, Lukasz"]
[Black "Goj, Artur"]
[Result "1/2-1/2"]
[WhiteElo "2210"]
[BlackElo "2340"]

1.e4 c5 2.Nf3 e6 3.d4 cxd4 4.Nxd4 a6 5.Bd3 Nc6 6.Nxc6 dxc6 7.O-O e5 8.Nd2 Ne7
9.Nc4 Ng6 10.Be3 Be6 11.a4 Bd6 12.Nb6 Rb8 13.Bc4 Qe7 14.Qe2 O-O 15.Rad1 Rfd8
16.Bxe6 Qxe6 17.Qc4 Qxc4 18.Nxc4 Bc7 19.Ba7  1/2-1/2

[Event "Cannes op"]
[Site "Cannes"]
[Date "1995.??.??"]
[Round "2"]
[White "Howell, James C"]
[Black "Kovacevic, Slobodan"]
[Result "1-0"]
[WhiteElo "2520"]
[BlackElo "2365"]

1.e4 c5 2.Nf3 e6 3.d4 cxd4 4.Nxd4 a6 5.Bd3 Nf6 6.O-O d6 7.c4 Nbd7 8.Nc3 Be7
9.Kh1 O-O 10.f4 Re8 11.Qe2 Qc7 12.Bd2 g6 13.Rae1 e5 14.Nc2 exf4 15.Bxf4 Qd8
16.Ne3 Nh5 17.Ncd5 Nxf4 18.Nxe7+ Rxe7 19.Rxf4 Nb6 20.Ref1 Be6 21.Qd2 Nd7
22.Nf5 Bxf5 23.exf5 g5 24.Rd4 f6 25.Rxd6 Kg7 26.h4 h6 27.Be2 Qc7 28.Rd1 Ne5
29.b3 a5 30.Qd4 Ra6 31.Rxa6 bxa6 32.Qd6 Qxd6 33.Rxd6 Rd7 34.Rxd7+ Nxd7 35.g3 Kf7
36.Kg2 Ke7 37.Kf3 Kd6 38.Kg4 Ke5 39.Bd3 Nc5 40.Bc2 gxh4 41.gxh4 Kd4 42.Kh5 Kc3
43.Bd1 Kb2 44.Kxh6 Kxa2 45.h5 Kb2 46.Kg7 Kc1 47.h6 Kxd1 48.h7 Nxb3 49.h8=Q a4
50.Qe8  1-0

[Event "Cannes op"]
[Site "Cannes"]
[Date "1995.??.??"]
[Round "2"]
[White "Renet, Olivier"]
[Black "Voskanian, Vahagn"]
[Result "1-0"]
[WhiteElo "2530"]
[BlackElo "2365"]

1.e4 c5 2.Nf3 e6 3.d4 cxd4 4.Nxd4 a6 5.Bd3 Qc7 6.O-O Nf6 7.Qe2 d6 8.c4 Nc6
9.Nxc6 bxc6 10.Nd2 Be7 11.Rb1 a5 12.b3 e5 13.Bb2 O-O 14.Rfd1 Bg4 15.f3 Be6
16.Nf1 Rfd8 17.Kh1 Nh5 18.g3 Nf6 19.Ne3 Qb7 20.Bc3 Nd7 21.f4 f6 22.Qe1 Qa7
23.Bf1 Nc5 24.Bg2 Bf8 25.Rb2 Re8 26.Re2 Bf7 27.Bf3 exf4 28.Nf5 Ne6  1-0

[Event "Cannes Martinez"]
[Site "Cannes"]
[Date "1995.??.??"]
[Round "2"]
[White "Palac, Mladen"]
[Black "Bezold, Michael"]
[Result "1/2-1/2"]
[WhiteElo "2545"]
[BlackElo "2495"]

1.e4 c5 2.Nf3 e6 3.d4 cxd4 4.Nxd4 a6 5.Bd3 Bc5 6.Nb3 Ba7 7.O-O Nc6 8.Qe2 d6
9.Be3 Nf6 10.Bxa7 Rxa7 11.c4 O-O 12.Nc3 b6 13.f4 Rd7 14.Kh1  1/2-1/2

[Event "Cannes op"]
[Site "Cannes"]
[Date "1995.??.??"]
[Round "3"]
[White "Caposciutti, Maurizio"]
[Black "Voskanian, Vahagn"]
[Result "0-1"]
[WhiteElo "2325"]
[BlackElo "2365"]

1.e4 c5 2.Nf3 e6 3.d4 cxd4 4.Nxd4 a6 5.Bd3 Nf6 6.O-O d6 7.f4 Nc6 8.Nxc6 bxc6
9.Kh1 d5 10.e5 Nd7 11.b3 g6 12.Bb2 Be7 13.Nd2 Nc5 14.Nf3 Bb7 15.Qd2 Qc7 16.Rac1 Rd8
17.Qe3 a5 18.Ng5 h6 19.Qh3 Nxd3 20.cxd3 c5 21.Nf3 Qb6 22.Nd2 Ba6 23.Ba3 Bb5
24.Rfd1 Qa7 25.Nb1 h5 26.d4 cxd4 27.Bxe7 Qxe7 28.Rxd4 O-O 29.Qe3 Rc8 30.h3 Qa7
31.Nc3 Qc5 32.Qd2 Rfd8 33.Ne2 Qa3 34.Rxc8 Rxc8 35.Nc3 Qc5 36.Nxb5 Qxb5 37.Qd3 Rc1+
38.Kh2 Qc5 39.a4 Rc3 40.Qd1 Rxb3 41.f5 Qc3 42.fxe6 Qg3+ 43.Kh1 Re3 44.exf7+ Kf8  0-1

[Event "Cannes Martinez op"]
[Site "Cannes"]
[Date "1995.??.??"]
[Round "6"]
[White "Berthelot, Yannick"]
[Black "Rotstein, Arkadij"]
[Result "0-1"]
[WhiteElo "2285"]
[BlackElo "2485"]

1.e4 c5 2.Nf3 e6 3.d4 cxd4 4.Nxd4 a6 5.Bd3 Nf6 6.O-O d6 7.c4 g6 8.Nc3 Bg7
9.Be3 O-O 10.Be2 b6 11.Qd2 Bb7 12.f3 Qc7 13.Rac1 Nbd7 14.Rfd1 Rfd8 15.Qe1 Rac8
16.b4 Qb8 17.Nb3 Re8 18.Qf2 Ba8 19.Bf4 Ne5 20.Bxe5 dxe5 21.Na4 Bh6 22.Nxb6 Bxc1
23.Rxc1 Rc7 24.c5 Nd7 25.Nxa8 Qxa8 26.Na5 Nb8 27.Qf1 Rd8 28.Nc4 Qa7 29.Kh1 Nc6
30.Rb1 Rcd7 31.h3 Rd4 32.a4 Nb8 33.Kh2 Qc7 34.Kh1 f5 35.Nd6 Qc6 36.Bc4 R8xd6
37.cxd6 Rxc4 38.b5 axb5 39.axb5 Qc5 40.b6 Rd4 41.Rc1 Qxd6 42.Rc8+ Kg7 43.Qb5 Nd7
44.b7 Rb4 45.Qxb4 Qxb4 46.Rc7 Kf6 47.Rxd7 h5 48.Kh2 Kg5 49.Kg3 h4+ 50.Kh2 Kf4
51.Rh7 g5 52.Rf7 Qb1 53.Rg7 Ke3  0-1

[Event "Cannes op"]
[Site "Cannes"]
[Date "1995.??.??"]
[Round "6"]
[White "Shchekachev, Andrei"]
[Black "Kovacevic, Slobodan"]
[Result "1/2-1/2"]
[WhiteElo "2465"]
[BlackElo "2365"]

1.e4 c5 2.Nf3 e6 3.d4 cxd4 4.Nxd4 a6 5.Bd3 Nf6 6.O-O d6 7.c4 Be7 8.Nc3 O-O
9.Kh1 b6 10.f4 Bb7 11.Qe2 Nc6 12.Nf3 Nd7 13.a3 Bf6 14.Bd2 Nd4 15.Nxd4 Bxd4
16.Rac1 Rc8 17.Rf3 f5 18.Rh3 Qf6 19.Bc2 Nc5 20.b4 Nxe4 21.Nxe4 fxe4 22.Bxe4 Bxe4
23.Qxe4 h6 24.Rd3 e5 25.g3 Qf7 26.Qd5 Qxd5+ 27.cxd5 Rxc1+ 28.Bxc1 Rc8 29.Be3  1/2-1/2

[Event "Cannes Martinez op"]
[Site "Cannes"]
[Date "1995.??.??"]
[Round "7"]
[White "Guillon, Cyril"]
[Black "Villeneuve, Alain"]
[Result "1-0"]
[WhiteElo "2150"]
[BlackElo "2320"]

1.e4 c5 2.Nf3 e6 3.d4 cxd4 4.Nxd4 a6 5.Bd3 Nc6 6.Nxc6 bxc6 7.c4 Nf6 8.Nc3 d6
9.O-O Be7 10.f4 e5 11.f5 O-O 12.Qf3 Rb8 13.Rf2 Nd7 14.Be3 Nc5 15.Bf1 a5 16.g4 Ba6
17.Rd1 Qc7 18.g5 Rfd8 19.h4 Bf8 20.h5 Rb7 21.g6 Rdb8 22.b3 Qe7 23.Qg3 fxg6
24.fxg6 Qe8 25.Bh3 Nd7 26.gxh7+ Kxh7 27.Qg6+ Kh8 28.Be6 Nc5 29.Bf7 Rxf7 30.Rxf7 Ne6
31.Rdf1 Kg8 32.R7f6  1-0

[Event "Cannes Martinez op"]
[Site "Cannes"]
[Date "1995.??.??"]
[Round "7"]
[White "Marcantoni, Herve"]
[Black "Azariants, Evgeni"]
[Result "1-0"]
[WhiteElo "2310"]
[BlackElo "2240"]

1.e4 c5 2.Nf3 e6 3.d4 cxd4 4.Nxd4 a6 5.Bd3 Qc7 6.f4 Nc6 7.Nxc6 bxc6 8.O-O Nf6
9.c4 d5 10.Nc3 Bb7 11.Kh1 Bc5 12.Qe2 O-O 13.e5 Nd7 14.Bd2 a5 15.cxd5 cxd5
16.Rae1 Rfe8 17.b3 f5 18.Rc1 Qb8 19.Bb5 Re7 20.Na4 Ba3 21.Rc2 Nf8 22.Be3 Rc7
23.Nb6 Ra7 24.Bd4 Ba8 25.Rf3 Rxc2 26.Qxc2 Rb7 27.Bc6 Rxb6 28.Bxb6 Qc8 29.b4 Bxb4
30.Ba4 Qxc2 31.Bxc2 Nd7 32.Bd4 Bc6 33.a3 Bd2 34.Bc3 Bxc3 35.Rxc3 Bb5 36.Rc7 a4
37.Kg1 Kf8 38.Rb7 Bc6 39.Ra7 Ke7 40.Bxa4 Bxa4 41.Rxa4 h6 42.Ra7 g5 43.g3 gxf4
44.gxf4 Kd8 45.Kf2 Nc5 46.Ke3 Kc8 47.Rh7 Kb8 48.Rxh6 Kb7 49.Rh7+ Kb6 50.h4 Kb5
51.h5 Kc4 52.Rc7 d4+ 53.Kd2  1-0

[Event "Cannes Martinez op"]
[Site "Cannes"]
[Date "1995.??.??"]
[Round "9"]
[White "Guillon, Cyril"]
[Black "Azariants, Evgeni"]
[Result "1/2-1/2"]
[WhiteElo "2150"]
[BlackElo "2240"]

1.e4 c5 2.Nf3 e6 3.d4 cxd4 4.Nxd4 a6 5.Bd3 Nf6 6.O-O d6 7.Kh1 g6 8.f4 Bg7
9.c3 O-O 10.Qe2 e5 11.fxe5 dxe5 12.Nb3 Qc7 13.Be3 Nbd7 14.N1d2 h6 15.a4 Nh5
16.Bc4 Ndf6 17.Bc5 Re8 18.a5 Nf4 19.Qe3 Be6 20.Bxe6 Nxe6 21.Bb6 Qc6 22.g3 Rac8
23.Rae1 h5 24.Qf3 Rf8 25.Qg2 Nd7 26.Be3 Rcd8 27.Nf3 Qb5 28.Qc2 Rc8 29.Rf2 Ndc5
30.Nxc5 Nxc5 31.Bxc5 Qxc5 32.Ref1 Rc7 33.Qa4 Qc4 34.Qxc4 Rxc4 35.Ng5 Rc7
36.Rd1 Bh6 37.h4 Re7 38.Rd6 Kg7 39.Rff6 Bxg5 40.hxg5 Rc8 41.Kg2 Rc4 42.Kf3 Ra4
43.Rd5 Ra2 44.Rb6 Ra1 45.Kf2 Rh1 46.Kg2 Re1 47.Kf3 Rf1+ 48.Kg2 Re1 49.Kf3 Rf1+
50.Kg2 Rc1 51.Rd8 Re1 52.Kf3 Rf1+ 53.Kg2 Re1 54.Kf3 Rf1+  1/2-1/2

[Event "Cannes Martinez"]
[Site "Cannes"]
[Date "1995.??.??"]
[Round "10"]
[White "Koch, Jean Rene"]
[Black "Dizdarevic, Emir"]
[Result "1-0"]
[WhiteElo "2495"]
[BlackElo "2465"]

1.e4 c5 2.Nf3 e6 3.d4 cxd4 4.Nxd4 a6 5.Bd3 d6 6.O-O Nd7 7.c4 b6 8.Nc3 Bb7
9.b3 g6 10.Bb2 Bg7 11.Bc2 Ngf6 12.Qd2 O-O 13.Rad1 Qb8 14.Nde2 Ne8 15.Bb1 Qc7
16.Rc1 Rd8 17.Rfd1 Qb8 18.Na4 e5 19.Nac3 Ndf6 20.Nd5 Nxd5 21.cxd5 Nf6 22.b4 Ng4
23.h3 Bh6 24.f4 Nf6 25.g4 Nd7 26.g5 Bg7 27.f5 f6 28.h4 Rf7 29.Ng3 Nf8 30.Qe3 b5
31.Bc3 Rc8 32.Be1 Rfc7 33.Bd3 Rxc1 34.Rxc1 Rxc1 35.Qxc1 Bc8 36.Bf1 Bd7 37.Bh3 Qd8
38.Bd2 Be8 39.Be3 a5 40.a3 axb4 41.axb4 Bd7 42.Kh2 Be8 43.fxg6 hxg6 44.Qc8 Qe7
45.Bb6 fxg5 46.hxg5 Nh7 47.Kg2 Bf8 48.Bd8 Qa7 49.Be6+ Bf7 50.Bf6 Qa2+ 51.Kh3 Qa7
52.Kg4 Bxe6+ 53.dxe6 Qf2 54.e7 Nxf6+ 55.gxf6 Qf4+ 56.Kh3 Qh6+ 57.Kg2 Qd2+
58.Kf3 Qd1+ 59.Ne2 Qh1+ 60.Ke3 Qh3+ 61.Qxh3  1-0

[Event "Cappelle op"]
[Site "Cappelle la Grande"]
[Date "1995.??.??"]
[Round "2"]
[White "Daly, Colm"]
[Black "Kovacevic, Slobodan"]
[Result "1-0"]
[WhiteElo "2210"]
[BlackElo "2365"]

1.e4 c5 2.Nf3 e6 3.d4 cxd4 4.Nxd4 a6 5.Bd3 Nf6 6.O-O d6 7.c4 Be7 8.Nc3 Nbd7
9.Be3 O-O 10.Rc1 Re8 11.b4 Bf8 12.a3 b6 13.Nb3 Bb7 14.f4 g6 15.Qe2 Rc8 16.Rfd1 Qc7
17.Kh1 Qb8 18.Bg1 Bh6 19.Be3 Qa8 20.Bd2 Nh5 21.Qf2 Bg7 22.Re1 Nhf6 23.h3 Qb8
24.Re2 Red8 25.Rf1 Ne8 26.Nd1 Qa8 27.Qe1 Qb8 28.Qf2 Bc6 29.Nd4 Bb7 30.f5 exf5
31.exf5 Ne5 32.fxg6 fxg6 33.Ne6 Nc7 34.Rxe5 Rf8 35.Nxf8 Rxf8 36.Rf5 gxf5
37.Qg3 Be4 38.Bc3 Ne6 39.Bxe4 fxe4 40.Re1 Qc8 41.Rxe4 Rf7 42.Ne3 b5 43.Nd5 Kh8
44.Qxd6 Ng5 45.Bxg7+ Rxg7 46.Re7 Qf8 47.Kh2 bxc4 48.Qe5 Nf7 49.Qf6 Kg8 50.Qe6 Rg6
51.Nf6+ Kg7 52.Nh5+ Kg8 53.Qd5  1-0

[Event "Cappelle op"]
[Site "Cappelle la Grande"]
[Date "1995.??.??"]
[Round "5"]
[White "Degraeve, Jean Marc"]
[Black "Chuchelov, Vladimir"]
[Result "0-1"]
[WhiteElo "2425"]
[BlackElo "2530"]

1.e4 c5 2.Nf3 e6 3.d4 cxd4 4.Nxd4 a6 5.Bd3 Nf6 6.O-O Qc7 7.Qe2 d6 8.f4 Nbd7
9.c4 Be7 10.b3 O-O 11.Bb2 Re8 12.Nc3 Bf8 13.Rae1 g6 14.e5 Nh5 15.exd6 Qxd6
16.Ne4 Qc7 17.f5 Bg7 18.fxe6 fxe6 19.Ng5 Nc5 20.Rf7 Qd8 21.Rxg7+ Nxg7 22.Qe5 Nxd3
23.Qxg7+ Kxg7 24.Nf5+ Kf8 25.Nxh7+ Kg8  0-1

[Event "Ceske Budejovice op"]
[Site "Ceske Budejovice"]
[Date "1995.??.??"]
[Round "5"]
[White "Goloshchapov, Alexander"]
[Black "Meister, Yakov"]
[Result "1/2-1/2"]
[WhiteElo "2380"]
[BlackElo "2450"]

1.e4 c5 2.Nf3 e6 3.d4 cxd4 4.Nxd4 a6 5.Bd3 Nf6 6.O-O Qc7 7.Qe2 d6 8.c4 Be7
9.Nc3 Nbd7 10.Nf3 b6 11.Rd1 Bb7 12.Bf4 Ne5 13.Rac1 O-O 14.Bb1 Rac8 15.b3 Rfe8
16.Nd4 Qb8 17.Bg3 Ng6 18.f4 e5 19.fxe5 dxe5 20.Nf5 Ba3 21.Rc2 Nf4 22.Qf3 N6h5
23.Bh4 g6 24.g3 Bc5+ 25.Kh1 Ne6 26.Nh6+ Kg7 27.Qxf7+ Kxh6 28.Rd7 Nhg7 29.Rxb7 Rc7
30.Qxc7 Qxc7 31.Rxc7 Nxc7 32.g4 Rf8 33.Rc1 Nce6 34.Nd5 Nf4 35.b4 Bd4 36.Be7 Rf7
37.Rf1 Nge6 38.Bh4 a5 39.Bc2 axb4 40.Nxb4 g5 41.Bg3 Rc7 42.Bb3 Nc5 43.Nd5 Ra7
44.h4 Ne2 45.hxg5+ Kg7 46.Bh2 Nxe4 47.Re1 N2c3 48.Nxc3 Nxc3 49.Bxe5+ Bxe5
50.Rxe5 Nxa2 51.Re6 Nb4 52.Bc2 Ra1+ 53.Re1 Ra3 54.Re7+ Kf8 55.Rxh7 Nd3 56.Rh2 Ra1+
57.Kg2 Ne1+ 58.Kg3 Nxc2 59.Rxc2 Ra5 60.Rb2 Rc5 61.Rb4 Kg7 62.Kh4 Rc6 63.Kh5 Rc8
64.Kh4 Rc5 65.Kg3 Rc6 66.Kf3 Kg6 67.Kf4 Re6 68.Ra4 Rc6 69.Ke3 Kxg5 70.Rb4 Rd6
71.Ke4 Rc6 72.Kd3 Kh4 73.Rb1 Kxg4 74.Rf1 Kg5 75.Kd4 Rc8 76.Rf7 Rc6 77.Rf8 Kg6
78.Kd5 Rc5+ 79.Kd4 Rc6  1/2-1/2

[Event "Copenhagen BSF-B"]
[Site "Copenhagen"]
[Date "1995.??.??"]
[Round "3"]
[White "Palm, Nicolai"]
[Black "Adamski, Jan"]
[Result "1/2-1/2"]
[WhiteElo "2230"]
[BlackElo "2390"]

1.e4 c5 2.Nf3 e6 3.d4 cxd4 4.Nxd4 a6 5.Bd3 Nf6 6.O-O d6 7.c4 Bd7 8.Nc3 Nc6
9.Nxc6 Bxc6 10.Qe2 Be7 11.f4 O-O 12.Rf3 b5 13.b3 bxc4 14.bxc4 Nd7 15.Rh3 g6
16.Bd2 Bf6 17.Rf1 Rb8 18.Nd1 Nc5 19.Bc2 Bd4+ 20.Be3 Bxe3+ 21.Rxe3 f5 22.exf5 exf5
23.Re1 Qa5 24.Bb3 Rfe8 25.h3 Rxe3 26.Nxe3 Re8 27.Qd1 Qc3 28.Nc2 Rxe1+ 29.Qxe1 Qf6
30.Qd2 h6 31.Nd4 Bb7 32.Qe3 Kf7 33.Kh2 Qd8 34.Bc2 Qa5 35.Nb3 Nxb3 36.axb3 Qc5
37.Qxc5 dxc5 38.g4 fxg4 39.hxg4 Kf6 40.Kg3 g5 41.Bd3 gxf4+ 42.Kxf4 a5 43.Bc2 Bc8
44.Be4  1/2-1/2

[Event "Copenhagen BSF-B"]
[Site "Copenhagen"]
[Date "1995.??.??"]
[Round "6"]
[White "Pilgaard, Kim"]
[Black "Adamski, Jan"]
[Result "1/2-1/2"]
[WhiteElo "2305"]
[BlackElo "2390"]

1.e4 c5 2.Nf3 e6 3.d4 cxd4 4.Nxd4 a6 5.Bd3 Nf6 6.O-O d6 7.c4 Bd7 8.Nc3 Nc6
9.Nxc6 Bxc6 10.Qe2 Be7 11.b3 Nd7 12.Bb2 Bf6 13.Rad1 Bd4 14.Bb1 e5 15.Rd3 Nc5
16.Rg3 O-O 17.Bc1 Bxc3 18.Rxc3 Qe7 19.Rd1 a5 20.f3 Rfd8 21.Be3 b6 22.a3 Rab8
23.b4 Ne6 24.Ba2 axb4 25.axb4 b5 26.Qd2 bxc4 27.Bxc4 Ba4 28.Ra1 Rxb4 29.Bxe6 Qxe6
30.Rd3 Rdb8 31.Rxd6 Qe7 32.h3 Rb1+ 33.Rxb1 Rxb1+ 34.Kh2 Rd1 35.Qxd1 Bxd1
36.Rxd1 h6 37.Bf2 Qe6 38.Bg3 f6 39.Re1 Kh7 40.Rb1 h5 41.Rb5 Kh6 42.h4  1/2-1/2

[Event "Copenhagen BSF-B"]
[Site "Copenhagen"]
[Date "1995.??.??"]
[Round "8"]
[White "Kruszynski, Wlodzimierz"]
[Black "Adamski, Jan"]
[Result "1/2-1/2"]
[WhiteElo "2345"]
[BlackElo "2390"]

1.e4 c5 2.Nf3 e6 3.d4 cxd4 4.Nxd4 a6 5.Bd3 Nf6 6.O-O d6 7.c4 Bd7 8.Nc3 Nc6
9.Nxc6 Bxc6 10.Qe2 Be7 11.b3 Nd7 12.Bb2 O-O 13.Rad1 Re8 14.Kh1 Qb8  1/2-1/2

[Event "Copenhagen op17"]
[Site "Copenhagen"]
[Date "1995.??.??"]
[Round "10"]
[White "Ostergaard, Rasmus"]
[Black "Isaksen, Brian"]
[Result "1-0"]
[WhiteElo "2180"]
[BlackElo "2245"]

1.e4 c5 2.Nf3 e6 3.d4 cxd4 4.Nxd4 a6 5.Bd3 Bc5 6.Nb3 Ba7 7.O-O Nc6 8.Qe2 Qc7
9.Be3 Nf6 10.Bxa7 Rxa7 11.c4 d6 12.Nc3 Ne5 13.f4 Nxd3 14.Qxd3 b6 15.Rad1 Ke7
16.Qg3 Rd8 17.e5 Ne8 18.Qh4+ Kf8 19.f5 Kg8 20.Rf3 Bb7 21.Rh3 exf5 22.Qxh7+ Kf8
23.Qxf5 Qxc4 24.Rh8+ Ke7 25.Qg5+ Kd7 26.Rxd6+  1-0

[Event "ESP-chT"]
[Site "Cordoba"]
[Date "1995.??.??"]
[Round "3"]
[White "Bueno Abalo, Manuel"]
[Black "Cacho Reigadas, Sergio"]
[Result "0-1"]
[WhiteElo "2130"]
[BlackElo "2400"]

1.e4 c5 2.Nf3 e6 3.d4 cxd4 4.Nxd4 a6 5.Bd3 Bc5 6.Nb3 Ba7 7.Qe2 Nc6 8.Be3 d6
9.f4 Nge7 10.O-O O-O 11.c4 Bxe3+ 12.Qxe3 d5 13.N1d2 dxc4 14.Nxc4 e5 15.Rad1 exf4
16.Qxf4 Ng6 17.Qf2 Qe7 18.Nb6 Bg4 19.Nxa8 Bxd1 20.Rxd1 Rxa8 21.Bc4 Nce5 22.Bd5 h6
23.Rf1 Rc8 24.Nd4 Qc7 25.Qf5 Re8 26.Kh1 Qb6 27.Qf2 Kh8 28.Nf5 Qxf2 29.Rxf2 Rc8
30.h3 b6 31.Nd6 Rc1+ 32.Kh2 f6 33.Nf5 Kh7 34.Rd2 Nf4 35.Ne7 Rc7 36.Nf5 a5
37.Nd4 Rd7 38.Nf5 Nfd3 39.Ne3 Nc5 40.Rd1 g6 41.Rc1 Kg7 42.Rc2 h5 43.a3 h4
44.b4 axb4 45.axb4 Ncd3 46.b5 Ra7 47.Rc8 Ra5 48.Rc7+ Kh6 49.g3 Kg5 50.gxh4+ Kf4
51.Ng2+ Kf3 52.Rc3 Ra1 53.h5 gxh5 54.Nh4+ Ke3 55.Nf5+ Kf4 56.Kg2 Nf3 57.h4 Rg1+
58.Kh3 Nf2+  0-1

[Event "CUB-ch"]
[Site "CUB"]
[Date "1995.??.??"]
[Round "9"]
[White "Pupo, Emilio"]
[Black "Garcia, Osmel"]
[Result "1-0"]
[WhiteElo "2320"]
[BlackElo "2345"]

1.e4 c5 2.Nf3 e6 3.d4 cxd4 4.Nxd4 a6 5.Bd3 Qc7 6.O-O Nf6 7.Qe2 d6 8.c4 Nbd7
9.Nc3 Be7 10.Kh1 Ne5 11.f4 Nxd3 12.Qxd3 O-O 13.b3 Nd7 14.Bb2 Bf6 15.Rad1 Nc5
16.Qe3 Bd7 17.Nf5 exf5 18.Nd5 Bxb2 19.Nxc7 Nxe4 20.Nxa8 Rxa8 21.c5 Ba3 22.cxd6 Bc5
23.Qc1 h5 24.Rd5 Bb6 25.Re5 h4 26.Re7 Bc6 27.Rc7 Rd8 28.Rxc6 bxc6 29.Qxc6 Rxd6
30.Qc8+ Rd8 31.Qxa6 Nf2+ 32.Rxf2 Bxf2 33.Qf1 Rd2 34.a4 g5 35.g3 h3 36.fxg5 f4
37.gxf4 Be3 38.Qxh3 Bxf4 39.Qf5 Rxh2+ 40.Kg1 Rh4 41.g6 Be3+ 42.Kg2 Rf4 43.gxf7+ Kf8
44.Qe6 Rf2+ 45.Kg3 Bc5 46.Qc8+  1-0

[Event "CZE-chT1a"]
[Site "?"]
[Date "1995.??.??"]
[Round "?"]
[White "Nemec, Pavel"]
[Black "Kawaciukova, Zuzana"]
[Result "0-1"]
[WhiteElo "2245"]
[BlackElo "2110"]

1.e4 c5 2.Nf3 e6 3.d4 cxd4 4.Nxd4 a6 5.Bd3 Qc7 6.O-O Nf6 7.Kh1 d5 8.exd5 Nxd5
9.Qg4 Bd7 10.Na3 Nc6 11.Nxc6 Bxc6 12.c4 Nf6 13.Qh4 Be7 14.Bf4 Qb6 15.Be3 Qxb2
16.Nc2 Qc3 17.Rfd1 e5 18.Qg3 Rd8 19.Ne1 e4 20.Bf1 O-O 21.Qc7 Bd6 22.Qb6 Qe5
23.g3 Qh5 24.h3 Nd7 25.Qb3 Nc5 26.Qb6 Ne6 27.Qb3 Nc5 28.Qb6 Nd3 29.Kg1 Be5
30.Rab1 Ba4 31.g4 Qh4 32.Nxd3 exd3 33.Rxd3 Rxd3 34.Bxd3 Qxh3 35.Qxb7 Bh2+
36.Kh1 Bf4+ 37.Kg1 Bxe3 38.Qe4 Re8 39.Qg2 Bxf2+ 40.Qxf2 Qxd3 41.Rf1 Qxc4  0-1

[Event "Decin op"]
[Site "Decin"]
[Date "1995.??.??"]
[Round "8"]
[White "Hatanbaatar, Bazar"]
[Black "Votava, Jan"]
[Result "1/2-1/2"]
[WhiteElo "2440"]
[BlackElo "2440"]

1.e4 c5 2.Nf3 e6 3.d4 cxd4 4.Nxd4 a6 5.Bd3 Bc5 6.Nb3 Ba7 7.O-O Ne7 8.Nc3 Nbc6
9.Qe2 d6 10.Be3 b5 11.Rad1 O-O 12.Kh1 b4 13.Nb1 e5 14.f4 Bxe3 15.Qxe3 exf4
16.Qxf4 Ng6 17.Qg3 Be6 18.N1d2 Nge5 19.Be2 a5 20.Nf3 Qc7 21.Nh4 a4 22.Nc1 Na5
23.Bd3 Nac4 24.b3 Na3 25.Nf5 f6 26.Nd4 Bd7 27.Nce2 Rf7 28.Nf4 Kh8 29.Nf5 Rd8
30.Nd5 Qc5 31.Nfe3 Nb5 32.bxa4 Nc3 33.Nxc3 bxc3 34.Bb5 Bxb5 35.axb5 Qxb5
36.Nd5 Qc4 37.Rfe1 Qxa2 38.Qxc3 Qa7 39.h3 h6 40.Ne3 Rc7 41.Qb3 Rc6 42.Nf5  1/2-1/2

[Event "DEN-chT9596"]
[Site "DEN"]
[Date "1995.??.??"]
[Round "3"]
[White "Hansen, Sune Normann"]
[Black "Auchenberg, Per"]
[Result "1/2-1/2"]
[WhiteElo "2180"]
[BlackElo "2215"]

1.e4 c5 2.Nf3 e6 3.d4 cxd4 4.Nxd4 a6 5.Bd3 Qc7 6.O-O Nf6 7.Nc3 Nc6 8.Be3 Be7
9.Kh1 d6 10.f4 O-O 11.Be2 Na5 12.Nb3 Nc4 13.Bxc4 Qxc4 14.Nd2 Qc7 15.a4 b6
16.Qe2 Bb7 17.Bg1 d5 18.e5 Nd7 19.Nf3 Bb4 20.Na2 Be7  1/2-1/2